[Event "28th WSCC Open 65 2018"]
[Site "Bled"]
[Date "2018.11.28"]
[Round "10"]
[White "Kiefer, Gerhard"]
[Black "Gal, Moshe"]
[Result "1/2-1/2"]
[WhiteElo "2306"]
[BlackElo "2116"]
[Annotator "TA"]
[PlyCount "42"]
[EventDate "2018.11.17"]
[EventType "swiss"]
[EventCountry "SLO"]
[SourceTitle "playchess.com"]
[Source "ChessBase"]
[SourceQuality "1"]

{[%evp 22,42,49,38,44,49,54,46,35,37,43,38,68,44,44,44,45,45,44,45,47,48,43]} 1. e4 c5 2. Nf3 Nc6 3. d4 cxd4 4. Nxd4 g6 5. c4 Nf6 6. Nc3 d6 7. Be2 Nxd4 8. Qxd4 Bg7 9. Be3 O-O 10. Qd2 Qa5 11. f3 Be6 12. Rc1 {LiveBook: 462 Games. White is slightly better.} Rfe8 {B36: Sicilian: Maroczy Bind: Gurgenidze System} (12... Rfc8 13. b3 a6 14. Na4 Qxd2+ 15. Kxd2 Rc6 16. g4 Kf8 17. Nb6 Rb8 18. Nd5 Rcc8 19. Nf4 Bd7 20. g5 Ng8 21. Nd5 e6 {½-½ (65) Giri,A (2785)-Zvjaginsev,V (2661) Sochi 2017}) 13. b3 a6 14. Nd5 Qxd2+ 15. Kxd2 {Strongly threatening Nc7.} Bxd5 $146 ({Predecessor:} 15... Nd7 16. Rc2 Rac8 17. Nc3 f5 18. exf5 Bxf5 19. Bd3 Bxd3 20. Kxd3 Bxc3 21. Rxc3 Rc6 22. Bd4 Rec8 23. Re1 Kf7 24. f4 Nc5+ {½-½ (24) Bednay,D (2162)-Dobos,J (2283) Budapest 2003}) 16. cxd5 Rec8 17. Bc4 Nd7 18. Rc2 b5 19. Be2 Rxc2+ 20. Kxc2 b4 21. Rc1 Nc5 1/2-1/2

[Event "28th WSCC Open 65 2018"]
[Site "Bled"]
[Date "2018.11.28"]
[Round "10"]
[White "Rooze, Jan"]
[Black "Barle, Janez"]
[Result "1-0"]
[WhiteElo "2288"]
[BlackElo "2259"]
[Annotator "TA"]
[PlyCount "71"]
[EventDate "2018.11.17"]
[EventType "swiss"]
[EventCountry "SLO"]
[SourceTitle "playchess.com"]
[Source "ChessBase"]
[SourceQuality "1"]

{[%evp 12,71,38,37,52,38,59,52,46,42,48,46,57,46,80,89,83,83,81,77,77,91,80,79,85,54,93,92,85,91,98,91,104,108,176,131,137,85,116,27,56,0,0,0,0,0,24,4,0,0,0,0,483,483,477,469,582,479,460,328,29988,29989]} 1. e4 Nc6 2. Nf3 e5 3. Bc4 Be7 4. O-O d6 5. a4 Nf6 6. d3 Bg4 {C55: Two Knights: 4 d3, 4 d4 exd4 5 e5 and Max Lange Attack} 7. c3 {LiveBook: 8 Games} (7. h3 Bh5 8. c3 Qd7 9. Re1 O-O-O 10. a5 a6 11. b4 g5 12. b5 Nb8 13. bxa6 Nxa6 14. d4 {1-0 (26) Anand,V (2779)-Naiditsch,A (2687) Doha 2016}) 7... a5 8. Nbd2 $146 {[%cal Bb1d2,Bd2f1,Bf1g3][%mdl 32]} ({Predecessor:} 8. h3 Bh5 9. Nbd2 Qc8 10. Re1 g5 11. g4 Nxg4 12. hxg4 Qxg4+ 13. Kf1 {½-½ (67) Sosunovich,K-Bimiev,A Dagomys 2009}) 8... Qd7 {White is slightly better.} 9. Re1 O-O 10. h3 Be6 11. Bb5 Qc8 12. Nf1 Nd8 13. d4 c6 14. Bd3 Qc7 15. Ng3 g6 16. Bh6 Re8 17. Qd2 Nd7 18. Ng5 Bf8 {[#]} 19. Bxf8 $1 Nxf8 20. f4 f6 {[#]} 21. Nf3 $1 Bf7 22. f5 Kg7 (22... Nd7 $16 {was called for.}) 23. dxe5 dxe5 24. h4 (24. Be2 $142) 24... Nd7 25. Qe2 (25. Bc2 $16) 25... Nc5 26. Bc4 (26. Bc2 $14) 26... Qb6 $11 {And now ...Nd3+ would win.} 27. Kh1 Bxc4 28. Qxc4 {Threatens to win with Rad1.} Nf7 29. Red1 {Strongly threatening b4.} Rad8 30. fxg6 hxg6 31. h5 $40 {[%mdl 128] Black needs to defend precisely.} Nb3 $2 {[%mdl 8192]} (31... Qb3 $11 32. Qe2 Nd6) 32. Rxd8 $18 Rxd8 33. Rf1 Rh8 34. Qe6 {Threatening mate with Ng5!} Nc5 35. Qe7 {Nxe5! would kill now.} Nd3 $2 {[#]} (35... Nxe4 $18 36. Nxe4 Rxh5+ 37. Nh2 Qd8 38. Qxd8 (38. Qxb7 Qd3 $17) 38... Nxd8 39. Rxf6 Rh4) 36. Ng5 $1 {[%mdl 576] Pin. Accuracy: White = 49%, Black = 42%.} 1-0

[Event "28th WSCC Open 65 2018"]
[Site "Bled"]
[Date "2018.11.28"]
[Round "10"]
[White "Pritchett, Craig W"]
[Black "Lederman, Leon"]
[Result "1/2-1/2"]
[WhiteElo "2286"]
[BlackElo "2255"]
[Annotator "RC"]
[PlyCount "92"]
[EventDate "2018.11.17"]
[EventType "swiss"]
[EventCountry "SLO"]
[SourceTitle "playchess.com"]
[Source "ChessBase"]
[SourceQuality "1"]
[TimeControl "40/5400+30:1800+30"]

1. e4 c5 2. Nf3 d6 3. d4 cxd4 4. Nxd4 Nf6 5. Nc3 a6 6. Be2 e5 7. Nb3 Be6 8. Be3 Nbd7 9. a4 Rc8 10. f3 Qc7 11. a5 Qc6 12. O-O d5 13. exd5 Nxd5 14. Nxd5 Bxd5 15. c4 Be6 16. Qe1 Be7 17. Qg3 O-O 18. Rfc1 f5 19. f4 Bf6 20. Rc2 Qc7 21. Rf1 Rce8 22. fxe5 Bxe5 23. Bf4 g6 24. Bxe5 Nxe5 25. Kh1 Rf7 26. Qc3 Rfe7 27. Nd4 Bf7 28. h3 Nc6 29. Nxc6 Rxe2 30. Rxe2 Rxe2 31. Nd4 Re5 32. Nf3 Rxa5 33. Rd1 Rc5 34. Qf6 Be8 35. Rd8 Qf7 36. Qd4 Rc7 37. Ng5 Qe7 38. Qd5+ Kh8 39. Qd4+ Kg8 40. Qd5+ Kh8 41. Nf7+ Kg7 42. Nd6 Bf7 43. Nxf7 Qe1+ 44. Kh2 Rxf7 45. Qd4+ Kh6 46. Qf4+ Kg7 1/2-1/2

[Event "28th WSCC Open 65 2018"]
[Site "Bled"]
[Date "2018.11.28"]
[Round "10"]
[White "Shevelev, Arkady"]
[Black "Cicek, Cemil"]
[Result "1/2-1/2"]
[WhiteElo "2278"]
[BlackElo "1775"]
[Annotator "TA"]
[PlyCount "101"]
[EventDate "2018.11.17"]
[EventType "swiss"]
[EventCountry "SLO"]
[SourceTitle "playchess.com"]
[Source "ChessBase"]
[SourceQuality "1"]

{[%evp 13,101,57,66,66,70,68,70,73,86,77,79,71,72,62,78,69,80,27,65,57,71,0,111,52,63,61,58,65,102,102,92,98,109,108,142,118,113,116,108,95,113,93,118,118,133,129,165,125,145,139,150,97,100,94,145,145,194,114,125,125,207,211,508,508,493,493,661,639,577,535,631,660,1235,1195,1222,1181,6543,6544,5714,5591,29975,29972,29983,29984,29984,29985,29985,29986,29986,29978]} 1. e4 e5 2. Nf3 Nc6 3. Nc3 Nf6 4. d4 exd4 5. Nxd4 Be7 6. Nxc6 dxc6 7. Qxd8+ Bxd8 8. Bf4 {C47: Scotch Four Knights and Four Knights with 4 g3} Be6 9. O-O-O O-O 10. f3 {White is slightly better.} a6 $146 ({Predecessor:} 10... Rc8 11. Ne2 Be7 12. Nd4 Bd7 13. g4 Rfd8 14. Be2 a6 15. Nf5 Bxf5 16. gxf5 {1-0 (61) Ibrohimov,I (2243)-Karamshoev,S (2062) Dushanbe 2015}) 11. Kb1 Rc8 12. g4 Be7 13. h4 b5 14. h5 h6 15. Bd3 (15. Bh3 $16) 15... Nh7 16. Be3 c5 17. Nd5 (17. e5 $16) 17... Bd6 {[#]} (17... Bxd5 $1 $11 18. exd5 c4) 18. Be2 (18. e5 $1 $16 {[%cal Re5d6]} Bxd5 19. Bxh7+ {[%mdl 64] Discovered Attack} (19. exd6 Bxf3 {[%mdl 64] Double Attack} 20. d7 Rcd8 $15) 19... Kxh7 20. Rxd5 {[%mdl 64] Double Attack}) 18... Rfd8 19. e5 Bf8 20. Nf4 Ng5 21. Nxe6 Nxe6 22. c3 $36 {[%mdl 2048] White is on the roll.} c6 23. Bd3 Ng5 24. Bxg5 hxg5 25. Bf5 Rb8 26. Bd7 Rb6 27. e6 Be7 28. h6 f6 29. hxg7 Kxg7 30. Rd2 Rbb8 31. Rdh2 {[#] Threatens to win with Rh7+.} Rh8 32. Bxc6 (32. Rxh8 $142 {White threatens R8h7+ and mate.} Rxh8 33. Rxh8 Kxh8 34. Bxc6) 32... Rxh2 33. Rxh2 $16 {[%mdl 4096] Endgame KRB-KRB} Rd8 (33... Rb6 $142 34. Bd5 c4) 34. Be4 Rh8 35. Re2 (35. Rxh8 $18 Kxh8 36. Bb7) 35... a5 36. Kc2 Rd8 (36... c4 $16 37. Rd2 Rd8) 37. Rh2 $18 {And now Rh7+ would win.} Rh8 $2 (37... Rd6 {was called for.} 38. Rh7+ Kf8 39. Rh8+ Kg7 40. Rh7+ Kf8 41. Rh8+ Kg7) 38. Rxh8 Kxh8 {KB-KB} 39. Bc6 b4 40. Kb3 Kg7 41. Ka4 f5 42. Kxa5 Kf6 43. gxf5 Kxf5 44. Bd5 Ke5 45. c4 Kd6 46. a4 {[%cal Ba2a4,Ba4a5,Ba5a6,Ba6a7][%mdl 32]} b3 47. Kb5 {White mates.} Bf6 48. a5 Bxb2 49. a6 Bf6 50. a7 b2 51. Be4 {[%mdl 32768] Accuracy: White = 78%, Black = 39%. . An unexpected result.} 1/2-1/2

[Event "28th WSCC Open 65 2018"]
[Site "Bled"]
[Date "2018.11.28"]
[Round "10"]
[White "Van Riemsdijk, Herman C."]
[Black "Vaisser, Anatoli"]
[Result "0-1"]
[WhiteElo "2270"]
[BlackElo "2504"]
[Annotator "RC"]
[PlyCount "66"]
[EventDate "2018.11.17"]
[EventType "swiss"]
[EventCountry "SLO"]
[SourceTitle "playchess.com"]
[Source "ChessBase"]
[SourceQuality "1"]
[TimeControl "40/5400+30:1800+30"]

1. e4 e6 2. d4 d5 3. Nc3 Bb4 4. e5 c5 5. a3 Ba5 6. Bd2 Nc6 7. Nf3 cxd4 8. Nb5 Bc7 9. Bf4 Nge7 10. Bd3 Ng6 11. Bxg6 hxg6 12. Qd2 a6 13. Nxc7+ Qxc7 14. O-O Qb6 15. b4 Bd7 16. Rab1 f6 17. Bg3 g5 18. Rfd1 Kf7 19. Rb3 g4 20. Nxd4 Nxd4 21. Qxd4 Qxd4 22. Rxd4 Rac8 23. Rxg4 Rxc2 24. h4 f5 25. Rg5 Ba4 26. Rf3 d4 27. h5 Bb5 28. Bf4 d3 29. a4 Bc4 30. g4 d2 31. Bxd2 Rxd2 32. gxf5 Bd5 33. fxe6+ Kxe6 0-1

[Event "28th WSCC Open 65 2018"]
[Site "Bled"]
[Date "2018.11.28"]
[Round "10"]
[White "Boehnisch, Manfred"]
[Black "Shirazi, Kamran"]
[Result "1-0"]
[WhiteElo "2261"]
[BlackElo "2333"]
[Annotator "TA"]
[PlyCount "77"]
[EventDate "2018.11.17"]
[EventType "swiss"]
[EventCountry "SLO"]
[SourceTitle "playchess.com"]
[Source "ChessBase"]
[SourceQuality "1"]

{[%evp 9,77,56,50,45,89,0,1,6,0,0,0,20,97,98,108,100,89,106,150,94,103,97,103,98,114,118,226,223,222,222,233,233,225,223,233,233,225,229,849,507,957,538,538,528,706,687,664,568,552,550,1161,544,552,543,795,790,732,659,2345,2326,1760,1433,12820,12569,29986,11905,5414,0,29982,6475]} 1. e4 c5 2. Nf3 Nf6 3. e5 Nd5 4. Nc3 Nb4 (4... Nxc3 5. dxc3 e6 6. Bd3 Nc6 7. Qe2 h6 8. h4 a6 9. h5 Qc7 10. Be4 b6 11. Bf4 Bb7 12. Rh4 O-O-O 13. O-O-O {1-0 (46) Karjakin,S (2773)-Duda,J (2737) chess.com INT 2018}) 5. a3 N4c6 {LiveBook: 3 Games} 6. Bc4 {B29: Sicilian: 2 Nf3 Nf6 (Nimzowitsch Variation)} a6 7. a4 $146 (7. d3 $16) ({Predecessor:} 7. d3 b5 8. Ba2 e6 9. Bf4 d6 10. exd6 Bxd6 11. Bxd6 Qxd6 12. Qd2 {½-½ (42) Tirard,H (2451)-Shirazi,K (2426) Dieppe 2010}) 7... e6 $11 8. O-O {The position is equal.} d6 9. exd6 Bxd6 10. Ne4 Ne5 (10... Be7 $11) 11. Nxd6+ $16 Qxd6 12. Nxe5 Qxe5 13. Re1 Qf6 14. Ra3 (14. Qh5 $142) 14... Nc6 15. Rf3 Qd4 16. d3 O-O 17. Rg3 f5 (17... Ne7 $16 {was worth a try.}) 18. Bh6 $18 (18. Bxe6+ Bxe6 19. Rxe6 Qxa4 $14) 18... Rf7 19. Rxe6 (19. Bxe6 Bxe6 20. Rxe6 Qd7 $17) 19... Bxe6 20. Bxe6 g6 21. c3 ({Don't do} 21. Bxf7+ $6 Kxf7 22. Qa1 Re8 $16) 21... Qf6 22. Qb3 $40 {[%mdl 128] White has strong attack.} Nd8 23. Bd5 c4 $2 (23... f4 24. Rg4 (24. Bxf7+ Nxf7 25. Rg4 Re8 $16) 24... Qe7) 24. Qxc4 b5 (24... Nc6 $142 25. Re3 f4) 25. Qa2 f4 26. Rg4 Raa7 27. Rxf4 Rae7 {[%cal Re7e1] [#]} 28. h4 Qd6 29. Re4 Qf6 30. Be3 (30. Bxf7+ $142 Qxf7 31. Rf4 bxa4 32. Rxf7 Nxf7 33. Be3) 30... Rxe4 31. dxe4 Qxh4 32. axb5 axb5 33. Qa8 Kf8 34. Bc5+ Kg7 35. Bxf7 {Bb3 is the strong threat.} Kxf7 36. Qd5+ Kg7 37. Bd4+ (37. Qd6 $142 Kh6 38. Qe5 Qg5 39. Be3 Qxe3 40. fxe3 Nf7 41. Qf4+ Kg7 42. e5 Nxe5 43. Qxe5+ Kf8 44. Qxb5) 37... Kf8 38. Bc5+ (38. g3 $18 Qg4 39. Qxd8+ Kf7 40. Qf6+ Ke8 41. Qh8+ Kd7 42. Qxh7+ Kc6 43. Qe7) 38... Kg7 39. g3 {Precision: White = 66%, Black = 31%.} (39. Qd6 $142 Ne6 40. Qd7+ Kh6 41. Qxe6 Qd8 42. Bd4 Qh4 43. Qe5 Qg5 44. Qg7+ Kh5 45. Qxh7+ Qh6 {[#]} 46. g4+ $1 {[%mdl 512]} Kg5 47. Be3+ Kxg4 48. Bxh6) 1-0

[Event "28th WSCC Open 65 2018"]
[Site "Bled"]
[Date "2018.11.28"]
[Round "10"]
[White "Stepovoj, Vladimir"]
[Black "Birnboim, Nathan"]
[Result "1-0"]
[WhiteElo "2261"]
[BlackElo "2376"]
[Annotator "ChessBase"]
[PlyCount "120"]
[EventDate "2018.11.17"]
[EventType "swiss"]
[EventCountry "SLO"]
[SourceTitle "playchess.com"]
[Source "ChessBase"]
[SourceQuality "1"]
[TimeControl "40/5400+30:1800+30"]

1. e4 c5 2. Nf3 Nc6 3. c3 Nf6 4. e5 Nd5 5. Bc4 Nb6 6. Bb3 d5 7. exd6 Qxd6 8. O-O Be6 9. Na3 Bxb3 10. Qxb3 Qd5 11. d4 cxd4 12. Nb5 Rc8 13. Re1 e6 14. Nbxd4 Nxd4 15. Nxd4 Be7 16. Bf4 O-O 17. Rad1 Rfd8 18. Nf3 Qxb3 19. axb3 Nd5 20. Bg3 a6 21. Rd2 Nf6 22. Bh4 Rxd2 23. Nxd2 Rd8 24. Bxf6 Bxf6 25. Nf3 Rd5 26. Kf1 Kf8 27. b4 Ke8 28. Ke2 Kd7 29. Rd1 Kc6 30. Rxd5 Kxd5 31. Kd3 g6 32. Nd2 Bg7 33. Nc4 e5 34. Ne3+ Ke6 35. Kc4 Kd6 36. b5 a5 37. g4 Bh6 38. Nd5 Bg5 39. f3 f5 40. gxf5 gxf5 41. b4 a4 42. Nb6 a3 43. Kb3 Bc1 44. c4 e4 45. c5+ Ke6 46. fxe4 fxe4 47. c6 Bf4 48. h3 e3 49. Na4 b6 50. Nc3 Be5 51. Ne2 Kd5 52. Kxa3 Kc4 53. Ka4 Kd3 54. Ng1 e2 55. Nf3 Bc7 56. Kb3 Ke3 57. Ne1 Kd2 58. Nf3+ Kd1 59. Kc4 e1=Q 60. Nxe1 Bb8 1-0

[Event "28th WSCC Open 65 2018"]
[Site "Bled"]
[Date "2018.11.28"]
[Round "10"]
[White "Giffard, Nicolas"]
[Black "Berkovich, Mark A"]
[Result "1/2-1/2"]
[WhiteElo "2249"]
[BlackElo "2339"]
[Annotator "NA RC"]
[PlyCount "44"]
[EventDate "2018.11.17"]
[EventType "swiss"]
[EventCountry "SLO"]
[SourceTitle "playchess.com"]
[Source "ChessBase"]
[SourceQuality "1"]
[TimeControl "40/5400+30:1800+30"]

1. d4 Nf6 2. Nf3 b6 3. e3 Bb7 4. Bd3 d5 5. O-O e6 6. b3 Nbd7 7. Bb2 Be7 8. c4 O-O 9. Nc3 Ne4 10. Qc2 Ndf6 {LiveBook: 5 Games} 11. Rfd1 Nxc3 12. Bxc3 Ne4 13. Bb2 f5 14. Ne5 dxc4 15. bxc4 $11 (15. Bxc4 $16 Rf6 16. f3) 15... Qe8 16. f3 Nf6 17. e4 fxe4 18. fxe4 Bd6 19. c5 bxc5 20. dxc5 Bxe5 21. Bxe5 Ng4 22. Bxc7 Ne3 1/2-1/2

[Event "28th WSCC Open 65 2018"]
[Site "Bled"]
[Date "2018.11.28"]
[Round "10"]
[White "Wahlbom, Magnus"]
[Black "Maryasin, Boris"]
[Result "1/2-1/2"]
[WhiteElo "2173"]
[BlackElo "2284"]
[Annotator "TA"]
[PlyCount "119"]
[EventDate "2018.11.17"]
[EventType "swiss"]
[EventCountry "SLO"]
[SourceTitle "playchess.com"]
[Source "ChessBase"]
[SourceQuality "1"]

{[%evp 27,119,0,2,11,21,10,15,16,25,21,31,7,88,87,66,89,98,90,102,16,10,-47,-26,-67,-65,-51,-52,-87,-56,-94,-42,-35,0,-121,-128,-120,-129,-137,-129,-131,-117,-150,-165,-173,-126,-151,-104,-115,-104,-104,-94,-97,-65,-86,-82,-81,-75,-80,-38,-89,-81,-88,87,83,207,207,186,184,304,296,285,282,687,683,670,658,612,565,554,0,0,0,0,0,0,0,0,0,5,0,81,81,84,82]} 1. e4 c5 2. Nf3 Nc6 3. d4 cxd4 4. Nxd4 Qb6 5. Nb3 Nf6 6. Nc3 e6 7. a3 Qc7 8. Be2 a6 9. O-O b5 10. f4 d6 11. Bf3 Bb7 12. Kh1 Be7 13. Be3 O-O 14. Qe1 {B33: Sicilian: Pelikan and Sveshnikov Variations} Rac8 {LiveBook: 3 Games} 15. Rd1 b4 16. axb4 $146 {The position is equal.} ({Predecessor:} 16. Na4 bxa3 17. bxa3 Nd7 18. Rc1 a5 19. Qf2 Ba6 20. Rfd1 Rb8 21. Nd4 Nxd4 22. Bxd4 {0-1 (48) Fernandez,L (2025)-Annakov,B (2600) ICC INT 2000}) 16... Nxb4 17. Qf2 e5 18. Rd2 Ba8 19. Bb6 Qc6 (19... Qb8 $11) 20. Na5 Qe8 21. fxe5 dxe5 22. Rfd1 Nc6 23. Nxc6 (23. Nc4 $16) 23... Bxc6 $11 24. Ba7 (24. Ba5 $11) 24... Bb4 $15 25. Qe3 Qe6 26. Rd3 Rfe8 27. h3 h6 28. Qe2 Qe7 (28... Bb7 $17 29. Nd5 Bxd5 30. exd5 Qd7) 29. Bf2 Qb7 {With the idea ...Bxc3.} 30. Re1 (30. Bh4 $1 $11 {keeps the balance.}) 30... Bxc3 $17 31. Rxc3 Qxb2 32. Rb3 Qa2 33. Rc3 Bb5 34. Qe3 Qb2 35. Rc5 Qb4 36. c3 Qxc5 37. Qxc5 Rxc5 38. Bxc5 Rd8 39. Bb4 Bc4 40. Kh2 Rd2 41. Ra1 Nd7 42. Ra5 f6 43. Kg3 ({Better is} 43. h4 $15) 43... g6 44. Bg4 Bb5 $2 (44... h5 $17 45. Bxd7 Rxd7) 45. Be6+ $16 Kg7 (45... Kh8 $16) 46. c4 $18 {[%cal Bc3c4,Bc4c5,Bc5c6][%mdl 32]} Rd3+ 47. Kf2 Bc6 (47... Bxc4 {might work better.} 48. Bxc4 Rd4) 48. Rxa6 Bxe4 49. Ra7 Bf5 $2 (49... Bc6 50. Bd5 Rxd5 51. cxd5 Bb5) 50. Bxf5 $1 gxf5 {[%mdl 4096] Endgame KRB-KRN} 51. c5 {aiming for c6.} Kg6 {[#]} 52. c6 $1 Nb6 {[#]} 53. Ba5 $2 ({White must play} 53. c7 $1 $18) 53... Nc8 $1 $11 {[%cal Rc8a7]} 54. Rc7 Nd6 55. Rd7 Ra3 $1 56. Bb4 ({Much weaker is} 56. Rxd6 Rxa5 57. c7 Rc5 $17) 56... Ra2+ 57. Kg1 Ne8 {next ...Rc2 is good for Black.} 58. Rd8 Rc2 (58... Nc7 $11 {remains equal.}) 59. Rxe8 $16 Rxc6 60. Re7 {Accuracy: White = 37%, Black = 47%.} 1/2-1/2

[Event "28th WSCC Open 65 2018"]
[Site "Bled"]
[Date "2018.11.29"]
[Round "11"]
[White "Vaisser, Anatoli"]
[Black "Jansa, Vlastimil"]
[Result "0-1"]
[WhiteElo "2504"]
[BlackElo "2437"]
[Annotator "TA"]
[PlyCount "196"]
[EventDate "2018.11.17"]
[EventType "swiss"]
[EventCountry "SLO"]
[SourceTitle "playchess.com"]
[Source "ChessBase"]
[SourceQuality "1"]

{[%evp 19,196,-8,-12,-25,-21,-31,-28,-24,-10,-1,0,-5,-5,-3,5,0,8,0,0,10,8,0,7,-5,0,-6,0,0,0,-11,-13,-16,-15,-26,0,-4,0,-143,-141,-133,-136,-177,-151,-162,-162,-191,-186,-175,-123,-121,-106,-197,-129,-219,-140,-151,-143,-131,-107,-118,-143,-176,-170,-160,-116,-123,-123,-118,-24,-217,-220,-256,-160,-218,-210,-217,-164,-323,-294,-300,-277,-315,-308,-271,-284,-311,-321,-300,-290,-285,-14,-16,0,-277,-252,-1236,-1346,-1206,-94,-85,-100,-1115,0,-754,0,-1550,-1550,-1550,-1539,-1425,-1405,-1450,-1137,-618,-477,-508,0,-1238,0,-866,-709,-4882,-4685,-2307,-1666,-2609,-1977,-2771,-680,-585,-8,-29973,-29975,-29973,-29972,-29955,-8,-8,-8,-8,-8,-8,-8,-8,-8,-8,-8,-8,-8,-29966,-29968,-29965,-29963,-12791,-12720,-6262,-6262,-29980,-29981,-29981,-29982,-29983,-29984,-29984,-29985,-29985,-29986,-29986,-29987,-29987,-29988,-29988,-29989,-29989,-29990,-29991,-29992,-29993,-29992]} 1. Nf3 g6 2. g3 Bg7 3. d4 d5 4. Bg2 Nf6 5. O-O O-O 6. b3 c5 7. e3 {D02: 1 d4 d5 2 Nf3 sidelines, including 2...Nf6 3 g3 and 2...Nf6 3 Bf4} (7. Bb2 Ne4 8. Nbd2 Nc6 9. e3 Qa5 10. Nxe4 dxe4 11. Ne5 Nxe5 12. dxe5 Rd8 13. Qe1 Qc7 14. Bxe4 Bh3 15. Bg2 Bxg2 16. Kxg2 Bxe5 17. Bxe5 Qxe5 {½-½ (47) Moussard,J (2576)-Fridman,D (2594) chess.com INT 2017}) 7... Nc6 8. Bb2 cxd4 9. exd4 Bf5 10. Ne5 Rc8 {LiveBook: 4 Games} 11. Na3 Qa5 $146 ({Predecessor:} 11... Ne8 12. c4 Be6 13. Nxc6 Rxc6 14. Qe2 Bf6 {0-1 (72) Haemmerling,G-Schaffer,H DDR 1971}) 12. c4 Rfd8 13. Nxc6 Rxc6 14. Re1 (14. cxd5 {is more complex.} Nxd5 15. Nc4 Qa6 16. a4 Rc7 17. Qd2) 14... Re6 15. Rxe6 Bxe6 16. Qe1 Qc7 17. c5 Qd7 18. Qa5 a6 19. Nc2 Rc8 20. Ne1 Bh3 21. f3 Bxg2 22. Kxg2 g5 23. Nd3 g4 24. Rf1 gxf3+ 25. Rxf3 Ne4 $36 {[%mdl 2048] Black has the initiative.} 26. Qe1 Rc6 (26... b6 $5 27. cxb6 Rc2+ 28. Kh1 Bf6 $11) 27. Qe3 Rf6 28. Ne5 (28. Rxf6 $11 {keeps the balance.} Bxf6 29. Qf4) 28... Rxf3 $17 29. Nxf3 {[#]} Nxc5 $1 {[%mdl 512]} 30. Qf4 {Black must now prevent Qb8+.} (30. dxc5 Bxb2) 30... Ne6 31. Qb8+ Nf8 32. Bc1 Qe6 $1 {[%cal Re6e2] And now ...Qe2+ would win.} 33. Kf2 b5 ({Better is} 33... Qe4 $19 34. Qf4 Qb1) 34. Qc7 h6 {[%cal Bh7h6,Bh6h5][%mdl 32]} 35. Ba3 (35. Be3 $17) 35... Ng6 (35... Qf5 $19 {Strongly threatening ...Bxd4+.} 36. Qc3 Ne6) 36. h4 (36. Bc1 $17) 36... h5 37. Qd8+ Bf8 38. Bc1 Kg7 39. Qa8 Qd6 $1 40. a4 bxa4 41. bxa4 e6 42. Qb7 Be7 43. Bg5 Bxg5 (43... a5 $17 44. Kg2 Qb4 45. Qxb4 Bxb4) 44. hxg5 $2 (44. Nxg5 $11 Ne7 45. a5) 44... a5 $19 {[%cal Ba6a5,Ba5b4,Bb4b3,Bb3b2][%mdl 32]} 45. Kg2 Qe7 46. Qb6 (46. Qxe7 $17 {might work better.} Nxe7 47. Ne5) 46... Qb4 $1 {[%cal Rb4b6]} 47. Qxb4 axb4 {[%mdl 4096] Endgame KN-KN} 48. a5 $2 (48. Nd2) 48... Ne7 49. a6 Nc8 $1 50. Kh3 b3 51. Nd2 b2 52. Kh4 Kg6 53. Nb1 Na7 $1 54. Nd2 Nc6 $2 (54... Nb5 $1 $19 {[%cal Rb5d4]} 55. g4 hxg4 56. Kxg4 f6 57. gxf6 Kxf6) 55. Nb1 $1 $11 Na7 $2 {[%mdl 8192]} ({Don't blunder} 55... Nxd4 $2 56. a7 $18) (55... Kg7 $11 56. Kxh5 Na7) 56. Nd2 $1 $19 Nb5 $1 {[%cal Rb5d4]} 57. g4 $2 (57. Nb1) 57... hxg4 58. Kxg4 Na7 $2 (58... f6 $19 {is more deadly.} 59. gxf6 Kxf6) 59. Kf4 $17 Nc6 60. Kg4 $2 {[%mdl 8192]} (60. Nb1 $17) 60... Na7 $2 (60... f6 $19 61. gxf6 Kxf6) 61. Nb1 $2 {[%mdl 8192]} (61. Kf4 $11) 61... Nc6 (61... f6 $142 62. gxf6 Kxf6) 62. Nd2 $1 $19 f6 63. gxf6 Kxf6 64. Kf4 Ke7 $1 {[%cal Re7d8]} 65. Kg5 Kf7 66. Nb1 Kg7 67. Na3 Kf7 (67... Na7 $142 68. Kf4 Nb5 $1 {[%mdl 512]}) 68. Nb1 $1 Ke7 $2 ({Black should try} 68... Ke8 $19 {Hoping for ...Kd7.} 69. Kf4 Kd7) 69. Na3 $2 {[%mdl 8192]} (69. Nd2 $11 Nxd4 70. a7 Nf3+ {[%mdl 64] Promotion} 71. Nxf3) 69... Kd7 70. Kf6 Na7 $1 {[%cal Ra7b5]} 71. Nb1 Nb5 72. Kf7 Kc6 73. Kxe6 Nxd4+ (73... Nc7+ $142 74. Kf5 Nxa6) 74. Ke5 Nb5 $2 ({Black should play} 74... Kc5 $19 75. Kf4 Nc6) 75. a7 $2 {[%mdl 8192]} (75. Kf4 $11) 75... Nxa7 76. Kd4 Nb5+ 77. Kd3 Kc5 $2 (77... Nd6 $1 {mates} 78. Kc3 Nc4 79. Kb4 Kd6 80. Kb3 Kc5 81. Kc3 d4+ 82. Kd3 Kd5 83. Ke2 Ke4 84. Ke1 Kd3 85. Kd1 Ne3+ 86. Ke1 Kc2 87. Na3+ Kb3 88. Kd2 Kxa3 89. Kd3 Kb3 90. Kxd4 Nc4 91. Kd5 b1=Q 92. Ke6 Qg6+ 93. Kd7 Qd6+ 94. Ke8 Qc7 95. Kf8 Ne5 96. Kg8 Qf7+ 97. Kh8 Ng6#) 78. Kc2 $11 Kd4 {next ...Ke3 is good for Black.} (78... Nd6 {seems wilder.} 79. Kxb2 Nc4+ 80. Kc2 Kd4 81. Nc3 Ne3+) 79. Kxb2 Kd3 80. Kc1 d4 {[%cal Bd5d4,Bd4d3,Bd3d2][%mdl 32]} 81. Nd2 Ke2 82. Nb3 d3 83. Kb2 Ke1 84. Nc5 $2 {[%mdl 8192]} (84. Ka2 $11) 84... d2 85. Nd3+ Ke2 86. Nf4+ Kd1 $1 87. Nd3 Nd6 88. Kb3 Ne4 $1 {Black mates.} 89. Nb2+ Kc1 90. Nd3+ Kb1 91. Nb2 {[#]} Nc5+ $1 92. Ka3 Kc1 93. Ka2 {[#]} Na4 $1 {[%mdl 512]} 94. Nd3+ (94. Nxa4 d1=Q) 94... Kc2 95. Nf2 Nc3+ 96. Ka3 {[#]} Ne4 $1 {[%mdl 512]} 97. Ng4 (97. Nxe4 d1=Q) 97... Kd3 98. Ne5+ Ke2 {Accuracy: White = 46%, Black = 50%.} 0-1